[Event "AUTO-OPEN-297"]
[Site "http://www.queenalice.com/game.php?id=77787"]
[Date "2006.6.18"]
[Round "1"]
[White "thor"]
[Black "Marcos_Vini"]
[Result "1-0"]
[WhiteElo "1189"]
[BlackElo "1217"]

1. c4 e5 2. Nc3 Nf6 3. e4 Bb4 4. d3 Bxc3+ 5. bxc3 Nc6 6. f4 d6 7. fxe5 dxe5 8.
Nf3 Bg4 9. Be2 Nd4 10. cxd4 Bxf3 11. Bxf3 Qxd4 12. Bg5 Qc3+ 13. Ke2 Qb2+ 14. Bd2
O-O-O 15. Re1 1-0

[Event "AUTO-OPEN-297"]
[Site "http://www.queenalice.com/game.php?id=77788"]
[Date "2006.6.18"]
[Round "1"]
[White "Marcos_Vini"]
[Black "thor"]
[Result "0-1"]
[WhiteElo "1197"]
[BlackElo "1206"]

1. e4 e5 2. Bc4 Nf6 3. Nf3 Nc6 4. d4 Bd6 5. Ng5 Rf8 6. c3 Qe7 7. dxe5 Nxe5 8.
Bb3 b6 9. f4 Neg4 10. O-O Bc5+ 11. Kh1 Nf2+ 12. Rxf2 Bxf2 13. Qf3 Qd6 14. e5 Qc6
0-1

[Event "AUTO-OPEN-297"]
[Site "http://www.queenalice.com/game.php?id=77807"]
[Date "2006.6.18"]
[Round "1"]
[White "ENDHER"]
[Black "Marcos_Vini"]
[Result "1-0"]
[WhiteElo "2205"]
[BlackElo "1500"]

1. d4 d5 2. c4 dxc4 3. e3 b5 4. a4 c6 5. axb5 cxb5 6. Qf3 Nc6 7. Qxc6+ Bd7 8.
Qa6 Nf6 9. Nc3 Qb8 10. Nf3 e6 11. Ne5 Bb4 12. Nxd7 Kxd7 13. Bd2 Qb6 14. Nxb5
Bxd2+ 15. Kxd2 Ne4+ 16. Ke1 Qxa6 17. Rxa6 Rhc8 18. Be2 c3 19. bxc3 Nxc3 20. Nxc3
Rxc3 21. Kd2 Rb3 22. Rha1 Rb2+ 23. Kd3 Rb3+ 24. Ke4 f5+ 25. Kf3 Rb7 26. g4 fxg4+
27. Kxg4 g6 28. Bf3 1-0

[Event "AUTO-OPEN-297"]
[Site "http://www.queenalice.com/game.php?id=77808"]
[Date "2006.6.18"]
[Round "1"]
[White "Marcos_Vini"]
[Black "ENDHER"]
[Result "0-1"]
[WhiteElo "1500"]
[BlackElo "2207"]

1. e4 e5 2. Nf3 Nc6 3. d4 exd4 4. Nxd4 Bc5 5. Nxc6 bxc6 6. Nc3 Qf6 7. f3 a5 8.
g3 Rb8 9. f4 Qe7 10. Bd3 Nf6 11. e5 d6 12. Qf3 Bb7 13. Be3 Bxe3 14. Qxe3 Nd5 15.
Nxd5 cxd5 16. O-O O-O 17. Rfe1 dxe5 18. fxe5 c5 19. Bf5 Bc8 20. Bxc8 Rfxc8 21.
b3 d4 22. Qe4 Rb6 23. Re2 Re6 24. h4 Re8 25. Rae1 Qc7 26. h5 f6 27. Qd5 Kh8 28.
Kf1 Rxe5 29. Rxe5 fxe5 30. g4 Qe7 31. Kf2 Qh4+ 32. Kf1 Rf8+ 33. Ke2 Qf2+ 34. Kd1
h6 35. Qxe5 d3 36. cxd3 Qxa2 37. g5 Qxb3+ 38. Kd2 c4 39. dxc4 hxg5 40. h6 Rd8+
41. Ke2 Qxc4+ 42. Kf2 Rd2+ 43. Kf3 Qb3+ 44. Kg4 Rg2+ 45. Kh5 Qf7# 0-1

[Event "AUTO-OPEN-297"]
[Site "http://www.queenalice.com/game.php?id=77819"]
[Date "2006.6.18"]
[Round "1"]
[White "Marcos_Vini"]
[Black "stonehengedog"]
[Result "0-1"]
[WhiteElo "1359"]
[BlackElo "1564"]

1. e4 c5 2. Nf3 e6 3. Nc3 Nc6 4. Bb5 a6 5. Bxc6 bxc6 6. O-O d5 7. exd5 cxd5 8.
Re1 Be7 9. Ne5 Bb7 10. Qh5 g6 11. Qf3 Nf6 12. d3 O-O 13. Bh6 Re8 14. Qe3 d4 15.
Nxf7 Qd7 16. Ne5 dxe3 17. Nxd7 exf2+ 18. Kxf2 Nxd7 19. Re2 e5 20. Kf1 Bf8 21.
Bxf8 Rxf8+ 22. Kg1 Rae8 23. a3 Nb6 24. Rae1 Nd7 25. b4 cxb4 26. axb4 Rf7 27. d4
Rfe7 28. b5 axb5 29. Nxb5 Ba6 30. Nd6 Bxe2 31. Nxe8 Rxe8 32. Rxe2 Kf7 33. dxe5
Rxe5 34. Rxe5 Nxe5 35. Kf2 Kf6 0-1

[Event "AUTO-OPEN-297"]
[Site "http://www.queenalice.com/game.php?id=77820"]
[Date "2006.6.18"]
[Round "1"]
[White "stonehengedog"]
[Black "Marcos_Vini"]
[Result "1-0"]
[WhiteElo "1555"]
[BlackElo "1377"]

1. d4 d5 2. c4 dxc4 3. e4 b5 4. Nc3 c6 5. a4 Bd7 6. axb5 cxb5 7. b3 a6 8. bxc4
bxc4 9. Bxc4 e6 10. Nf3 Bb4 11. Bb2 Nf6 12. e5 Ne4 13. Qd3 Bc6 14. O-O Bxc3 15.
Bxc3 Nxc3 16. Qxc3 O-O 17. Rfc1 h6 18. Be2 Bxf3 19. Bxf3 Ra7 20. Qc5 Rd7 21. Rd1
Qc8 22. Qxc8 Rxc8 23. d5 Rcd8 24. d6 f6 25. exf6 gxf6 26. Bg4 f5 27. Bf3 Rxd6
28. Rxd6 Rxd6 29. Kf1 Kf7 30. Ke2 Kf6 31. Ke3 e5 32. Rd1 Rxd1 33. Bxd1 f4+ 34.
Ke4 Nd7 35. Kd5 Kf5 36. f3 Nf6+ 37. Kc5 e4 38. fxe4+ Kxe4 39. Kb6 1-0

[Event "Let's Play Chess!"]
[Site "http://www.queenalice.com/game.php?id=79659"]
[Date "2006.6.25"]
[Round "-"]
[White "ak_9105"]
[Black "Marcos_Vini"]
[Result "1-0"]
[WhiteElo "1773"]
[BlackElo "1543"]

1. e4 e5 2. Nf3 Nc6 3. Bb5 Nge7 4. O-O a6 5. Ba4 a5 6. Re1 d5 7. exd5 Qxd5 8.
Nxe5 b5 9. c4 Qd6 10. Bxb5 Qf6 11. Bxc6+ Nxc6 12. Nxc6+ Be6 13. d4 Be7 14. d5
Ra6 15. Nxe7 Kxe7 16. dxe6 Rxe6 17. Rxe6+ Qxe6 18. Nc3 Rd8 19. Qf1 Re8 20. Be3
1-0

[Event "Let's Play Chess!"]
[Site "http://www.queenalice.com/game.php?id=80163"]
[Date "2006.6.26"]
[Round "-"]
[White "Newcobos"]
[Black "Marcos_Vini"]
[Result "1-0"]
[WhiteElo "1561"]
[BlackElo "1497"]

1. e4 e5 2. Nf3 Nc6 3. Bb5 Nge7 4. c3 a6 5. Ba4 d5 6. exd5 Qxd5 7. O-O Bg4 8.
Bb3 Bxf3 9. Bxd5 Bxd1 10. Bxc6+ Nxc6 11. Rxd1 Bc5 12. d3 O-O-O 13. Be3 Bxe3 14.
fxe3 e4 15. d4 Na5 16. b3 f5 17. Na3 b5 18. Nc2 1-0

[Event "Let's Play Chess!"]
[Site "http://www.queenalice.com/game.php?id=80164"]
[Date "2006.6.26"]
[Round "-"]
[White "Marcos_Vini"]
[Black "Newcobos"]
[Result "0-1"]
[WhiteElo "1455"]
[BlackElo "1589"]

1. e4 e5 2. Nf3 Nc6 3. Bc4 Bc5 4. d3 d6 5. h3 Be6 6. Bxe6 fxe6 7. O-O Nf6 8. Nc3
O-O 9. Bg5 Qe8 10. Bxf6 Rxf6 11. Ng5 Nd4 12. a3 Qg6 13. Qg4 h6 14. h4 hxg5 15.
Qxg5 Qxg5 16. hxg5 Rg6 17. Rfe1 Nxc2 0-1

[Event "Challenge"]
[Site "http://www.queenalice.com/game.php?id=80234"]
[Date "2006.6.26"]
[Round "-"]
[White "Marcos_Vini"]
[Black "tania"]
[Result "0-1"]
[WhiteElo "1312"]
[BlackElo "1055"]

1. e4 e5 2. Nf3 d6 3. h3 Be7 4. Nc3 Nf6 5. Bc4 O-O 6. O-O Nbd7 7. Re1 Nb6 8. Bb3
Bd7 9. d4 Bc6 10. d5 Bd7 11. Be3 Nc8 12. Bg5 Nb6 13. Kh1 c5 14. Ne2 Ne8 15. Bxe7
Qxe7 16. Ng3 c4 17. Ba4 Bxa4 18. Nh2 Nc7 19. Nf5 Qg5 20. h4 Qf6 0-1

[Event "Challenge"]
[Site "http://www.queenalice.com/game.php?id=80235"]
[Date "2006.6.26"]
[Round "-"]
[White "Marcos_Vini"]
[Black "tania"]
[Result "0-1"]
[WhiteElo "1271"]
[BlackElo "1081"]

1. e4 e5 2. Nf3 d6 3. Bc4 Be7 4. Nc3 Nf6 5. Ng5 c5 6. Nxf7 Qd7 7. Nxh8 Nc6 8.
Nd5 a6 9. Nb6 Rb8 10. Nxd7 Bxd7 11. Nf7 Nd4 12. O-O Nxe4 13. Qh5 Ne2+ 14. Bxe2
g6 15. Qxh7 Bf8 16. Qxg6 b6 17. Nxe5+ Kd8 18. Nxd7 Kxd7 19. Qxe4 Rd8 20. Bg4+
Kc7 0-1

[Event "AUTO-OPEN-306"]
[Site "http://www.queenalice.com/game.php?id=80442"]
[Date "2006.6.27"]
[Round "1"]
[White "Marcos_Vini"]
[Black "dgrecu"]
[Result "1-0"]
[WhiteElo "1500"]
[BlackElo "1589"]

1. e4 e5 2. Nf3 Nc6 3. Bc4 h6 4. d4 exd4 5. Nxd4 Nxd4 6. Qxd4 Ne7 7. Nc3 Nc6 8.
Qd5 Qf6 9. O-O Nb4 10. e5 Nxd5 11. exf6 Nxc3 12. Re1+ Kd8 13. Bxf7 Nb5 14. Re8#
1-0

[Event "AUTO-OPEN-306"]
[Site "http://www.queenalice.com/game.php?id=80443"]
[Date "2006.6.27"]
[Round "1"]
[White "dgrecu"]
[Black "Marcos_Vini"]
[Result "1-0"]
[WhiteElo "1555"]
[BlackElo "1425"]

1. e4 e5 2. Nf3 Nc6 3. Nc3 Bb4 4. Bc4 Bxc3 5. dxc3 h6 6. O-O Nf6 7. Bb5 Ng4 8.
Bxc6 bxc6 9. h3 Nf6 10. Re1 O-O 11. Nxe5 Nxe4 12. Rxe4 Re8 13. Bf4 Qf6 14. Qe2
d5 15. Ng4 Bxg4 16. Rxe8+ Kh7 17. Rxa8 Bxe2 18. Re1 Qxf4 19. Rxe2 Qc1+ 20. Kh2
Qxb2 21. Rxa7 Qxc3 22. Rxc7 Qc4 23. Ree7 Qf4+ 24. Kg1 Kg6 25. Rxf7 Qxf7 26. Rxf7
Kxf7 27. a4 Ke7 28. f4 c5 29. Kf2 Kd7 30. Ke3 Kc6 31. Kd3 Kb6 32. Kc3 Ka5 33.
Kb3 c4+ 34. Ka3 d4 35. g4 d3 36. Kb2 dxc2 37. Kxc2 Kxa4 38. Kc3 Kb5 39. h4 Kc5
40. g5 h5 41. f5 Kd5 42. f6 gxf6 43. g6 Ke6 44. Kxc4 f5 45. g7 Kf7 46. Kd5 Kxg7
47. Ke5 Kg6 48. Kf4 Kf6 49. Kg3 1-0

[Event "AUTO-MASTER-171"]
[Site "http://www.queenalice.com/game.php?id=80539"]
[Date "2006.6.27"]
[Round "1"]
[White "Marcos_Vini"]
[Black "dgrecu"]
[Result "0-1"]
[WhiteElo "1398"]
[BlackElo "1566"]

1. e4 e5 2. Nf3 Nc6 3. Bc4 h6 4. d4 exd4 5. Nxd4 Nxd4 6. Qxd4 d6 7. e5 c5 8. Qd5
Qe7 9. O-O a5 10. Re1 Be6 11. exd6 Qxd6 12. Qxd6 Bxd6 13. Bxe6 fxe6 14. Rxe6+
Kd7 15. Re3 Re8 16. Rxe8 Kxe8 17. Nc3 Kd7 18. Be3 Kc6 19. a3 Nf6 20. Rb1 g5 21.
g3 g4 22. Re1 h5 23. Bf4 Bxf4 24. gxf4 Nd5 25. Nxd5 Kxd5 26. Re5+ Kd4 27. c3+
Kc4 28. f5 b5 29. f6 b4 30. axb4 axb4 31. cxb4 cxb4 32. f7 Rf8 33. Rxh5 Rxf7 34.
Rh4 Rf4 35. h3 Kb3 36. hxg4 Kxb2 37. f3 Rxf3 38. g5 Rg3+ 39. Kf2 Rxg5 40. Rxb4+
Kc3 41. Rf4 Kd2 42. Kf3 Rg1 43. Rd4+ Kc3 44. Rg4 Rd1 45. Kf4 Rd4+ 46. Kg5 Rxg4+
0-1

[Event "AUTO-MASTER-171"]
[Site "http://www.queenalice.com/game.php?id=80540"]
[Date "2006.6.27"]
[Round "1"]
[White "dgrecu"]
[Black "Marcos_Vini"]
[Result "1-0"]
[WhiteElo "1625"]
[BlackElo "1622"]

1. e4 e5 2. Nf3 Nc6 3. Nc3 Bb4 4. Bc4 Bxc3 5. bxc3 Nf6 6. d3 d5 7. exd5 Nxd5 8.
Bb5 Bd7 9. Bxc6 Bxc6 10. Nxe5 Nxc3 11. Qd2 Bxg2 12. Rg1 Nxa2 13. Rxg2 Nxc1 14.
Qxc1 Qe7 15. Qe3 f6 16. Nc4 Qxe3+ 17. Nxe3 O-O 18. Nf5 g6 19. h4 Rfe8+ 20. Kf1
Kh8 21. Nh6 f5 22. Nf7+ Kg7 23. Ng5 Re7 24. h5 Kh6 25. f3 Kxh5 26. Kf2 Rae8 27.
Rh1# 1-0

[Event "AUTO-MASTER-171"]
[Site "http://www.queenalice.com/game.php?id=80541"]
[Date "2006.6.27"]
[Round "1"]
[White "Marcos_Vini"]
[Black "RiddleMeQuick"]
[Result "0-1"]
[WhiteElo "1236"]
[BlackElo "1817"]

1. e4 g6 2. d4 Bg7 3. c4 d6 4. Nf3 Nd7 5. Bd3 e5 6. Bg5 Ngf6 7. O-O exd4 8. Nxd4
h6 9. Bxf6 Qxf6 10. Nb5 O-O 11. N1c3 c6 12. Na3 Qg5 13. g3 Nc5 14. h4 Qe7 15.
Qd2 Qf6 16. Rfe1 Nd7 17. Qc1 Ne5 0-1

[Event "AUTO-MASTER-171"]
[Site "http://www.queenalice.com/game.php?id=80542"]
[Date "2006.6.27"]
[Round "1"]
[White "RiddleMeQuick"]
[Black "Marcos_Vini"]
[Result "1-0"]
[WhiteElo "1789"]
[BlackElo "1515"]

1. g3 g6 2. b3 Bg7 3. Nc3 Nf6 4. Bg2 O-O 5. Nf3 d5 6. d4 Nc6 7. O-O Bf5 8. Nh4
e6 9. Nf3 Kh8 10. h3 Nb4 11. Ne1 Ne4 12. Bb2 c6 13. g4 Bxd4 14. Qxd4+ 1-0